Drafting; technical communication / (Record no. 183049)
[ view plain ]
| 000 -LEADER | |
|---|---|
| fixed length control field | 01015 a2200169 4500 |
| 003 - CONTROL NUMBER IDENTIFIER | |
| control field | Nust |
| 005 - DATE AND TIME OF LATEST TRANSACTION | |
| control field | 20221014111317.0 |
| 040 ## - CATALOGING SOURCE | |
| Transcribing agency | Nust |
| 082 ## - DEWEY DECIMAL CLASSIFICATION NUMBER | |
| Classification number | 604.2,WRI |
| 100 ## - MAIN ENTRY--PERSONAL NAME | |
| Personal name | Wright, Lawrence S. |
| 9 (RLIN) | 100298 |
| 245 ## - TITLE STATEMENT | |
| Title | Drafting; technical communication / |
| Statement of responsibility, etc. | Lawrence S. Wright. |
| 260 ## - PUBLICATION, DISTRIBUTION, ETC. | |
| Place of publication, distribution, etc. | Bloomington, |
| Name of publisher, distributor, etc. | McKnight & McKnight Pub. Co. [1968] |
| Date of publication, distribution, etc. | Co. [1968] |
| 300 ## - PHYSICAL DESCRIPTION | |
| Extent | xvii, 435 p. illus. |
| Other physical details | 27 cm. |
| 505 ## - FORMATTED CONTENTS NOTE | |
| Formatted contents note | Introduction to Technical Drafting (Page-1),Technical Sketching (Page-24), Orthographic Projection (Page-48), Tool, Materials and Constructions (Page-79), Describing Interior Details (Page-129), Material , Processes Ad Dimensions (Page-142), Lettering the Drawing (Page-153), Dimensioning (Page-164), Finishing and Reproducing Drawings (Page-192), Auxiliary Projection (Page-223), Tolerancing (Page-232), Fastening (Page-241), Product Planning (Page-278), Career Information and Trends (Page-309), Technical Data Sections (Page-320). |
| 650 ## - SUBJECT ADDED ENTRY--TOPICAL TERM | |
| Topical term or geographic name entry element | technical communication |
| 9 (RLIN) | 100299 |
| 942 ## - ADDED ENTRY ELEMENTS (KOHA) | |
| Source of classification or shelving scheme | |
| Koha item type | Book |
| Withdrawn status | Lost status | Source of classification or shelving scheme | Damaged status | Not for loan | Permanent Location | Current Location | Shelving location | Date acquired | Full call number | Barcode | Date last seen | Price effective from | Koha item type | Public note |
|---|---|---|---|---|---|---|---|---|---|---|---|---|---|---|
| Military College of Signals (MCS) | Military College of Signals (MCS) | General Stacks | 12/12/2016 | 604.2,WRI | MCS21999 | 12/08/2016 | 12/12/2016 | Book | Almirah No.26, Shelf No.2 |
